| 000 | 00912nam a22002057a 4500 | ||
|---|---|---|---|
| 999 |
_c2334 _d2334 |
||
| 003 | AR-CdUCM | ||
| 008 | 190304b ||||| |||| 00| 0 spa d | ||
| 020 | _a84-505-1602_1 | ||
| 040 |
_aMUNICIPALIDAD PROVINCIAL DEL CUSCO _cBIBLIOTECA MUNICIPAL DEL CUSCO |
||
| 082 |
_a972.8 / _bE97 |
||
| 110 |
_aExcelentísima diputación provincial de Córdova _98418 |
||
| 245 | _aCentroamerica en la encrucijada internacional de nuestro tiempo / | ||
| 260 |
_aCórdova : _bSan Pablo, _c1985. |
||
| 300 |
_a395 páginas ; _bGráficos _c24 cm. |
||
| 505 | _aContenido: La geopolítica de Centroamérica: punto neurálgico de las relaciones internacionales -- El modelo económico centroamericano: equilibrio inestable y represión -- Lo indígena en el ámbito cultural de Centroamérica ... | ||
| 650 |
_aCrisis centroamericana _98419 |
||
| 650 |
_aRelaciones internacionales _98420 |
||
| 942 |
_2ddc _cLIBROS |
||
| 945 | _aafb | ||